can you name all destiny 2 exotic weapons - Statistics

General Stats
  • This quiz has been taken 186 times
  • The average score is 16 of 29
Answer Stats
Hint Answer % Correct
trace rifle coldheart
78%
smg riskrunner
69%
auto rifle hard light
67%
hand cannon sunshot
67%
auto rifle suros regime
67%
scout rifle mida multi tool
66%
sniper rifle darci
65%
sidearm rat king
63%
sniper rifle borealis
60%
trace rifle prometheus lens
60%
sword worldline zero
60%
pulse rifle graviton lance
58%
shotgun legend of acrius
58%
fusion rifle telesto
57%
hand cannon crimson
56%
fusion rifle merciless
55%
scout rifle jade rabbit
54%
scout rifle polaris lance
54%
shotgun tractor cannon
53%
pulse rifle vigilance wing
53%
hand cannon sturm
51%
linear fusion rifle sleeper simulant
49%
rocket launcher wardcliff coil
49%
scout rifle skyburners oath
42%
grenade launcher the prospector
42%
smg the huckleberry
40%
grenade launcher the colony
39%
auto rifle sweet buisness
17%
sniper rifle black spindle
8%
No matching quizzes found
Score Distribution
Percent of People with Each Score
Percentile by Number Answered
Your Score History
You have not taken this quiz